Qui est le plus... ? (Coupe du monde 2025-2026) - Statistiques

Statistiques générales
  • Ce quiz a été pris 10 fois
  • Le résultat moyen est 17 sur 30
Statistiques - réponses
Catégorie Rang Pays Biathlète % above average // Hit rate // Range time % Correct
Tireur le plus efficace 3 France Éric Perrot 91,1
100%
Tireuse la plus rapide 1 France Julia Simon 43,7
89%
Tireuse la plus efficace 5 France Lou Jeanmonnot 90,6
89%
Tireuse la plus efficace 1 France Camille Bened 92,4
78%
Tireur le plus rapide 1 France Émilien Jacquelin 43,5
78%
Tireur le plus efficace 2 Norvège Johan-Olav Botn 91,7
78%
Skieuse la plus rapide 2 Suède Elvira Oeberg 4,3
67%
Tireur le plus rapide 5 France Éric Perrot 44,5
67%
Skieur le plus rapide 4 France Éric Perrot 4,3
67%
Tireuse la plus rapide 3 Suède Hanna Oeberg 44,5
67%
Skieuse la plus rapide 3 Suède Hanna Oeberg 4,2
67%
Skieuse la plus rapide 1 France Justine Braisaz-Bouchet 5,0
67%
Tireuse la plus rapide 2 Italie Lisa Vittozzi 43,8
67%
Skieuse la plus rapide 5 France Lou Jeanmonnot 3,8
67%
Skieur le plus rapide 3 Suède Sebastian Samuelsson 4,3
67%
Tireuse la plus efficace 3 Finlande Suvi Minkkinen 91,1
67%
Tireuse la plus rapide 5 Finlande Suvi Minkkinen 46,8
67%
Tireuse la plus efficace 2 Allemagne Vanessa Voigt 92,3
67%
Skieur le plus rapide 2 Norvège Johan-Olav Botn 4,5
56%
Skieur le plus rapide 1 Suède Martin Ponsiluoma 4,9
56%
Tireur le plus efficace 1 Norvège Sturla Holm Laegreid 93,9
56%
Tireuse la plus rapide 4 Suisse Lena Haecki-Gross 45,3
44%
Skieuse la plus rapide 4 Allemagne Julia Tannheimer 3,9
33%
Tireur le plus efficace 5 Allemagne Justus Strelow 89,3
33%
Tireur le plus rapide 3 Allemagne Justus Strelow 44,3
33%
Tireur le plus efficace 4 Suisse Sebastian Stalder 89,3
22%
Tireur le plus rapide 4 Pologne Jan Gunka 44,3
11%
Skieur le plus rapide 5 Norvège Johannes Dale-Skjevdal 4,3
11%
Tireur le plus rapide 2 Suisse Joscha Burkhalter 43,7
11%
Tireuse la plus efficace 4 Norvège Marthe Kråkstad Johansen 90,7
11%
Aucun quiz correspondant
Distribution des résultats
% des personnes avec chaque résultat
Percentile par nombre de réponses
Votre historique - résultats
Vous n’avez pas pris ce quiz